000
00299nam a22001337a 4500
008
171012b xxu||||| |||| 00| 0 eng d
020
_a
9780072855876
041
_a
eng
080
_a
159.9
100
_a
49
101
_a
PSI
245
_a
EDUCATIONNAL PSYCHOLOGY
_c
SANTROCK.J.W
942
_2
udc
_c
BK
999
_c
33549
_d
33549